00439nam a2200157Ia 4500001000500000005001700005008004100022041000800063082002200071100002700093245010800120260000900228300002800237650000800265654000800273736620260306160450.0260306t2016||||xx |||||||||||||| ||spa|| aESP a338.7bG37 Nº 54 aMendiola, AlfredoeAUT 0aEstructura alternativa de financiamiento de medianas empresas a través del mercado de valores peruano c2016 a175 páginas :c24 cm. aGEN aCAN